000 00963nem a2200253 u 4500
005 20160519114522.0
008 160518b1993 -us||||| |a|| 00| 0 spa d
040 _aCO-BoIAVH
_cCO-BoIAVH
041 _aeng
044 _axxu
090 _aMC-
_b0343
110 1 _aEstados Unidos.
_bDefense Mapping Agency.
_969667
245 1 _aLa Yaguita :
_cpreparado y publicado por Defense Mapping
_h[Material Cartografico]/
_bColombia
255 _a1:100,000
260 _aEstados Unidos :
_bDefense Mapping Agency,
_c1993.
300 _a1 mapa :
_bcolor. ;
_c 60 x 76 cm
650 1 6 _aInfraestructura.
_zLa Yaguita (Colombia)
_vMapa
_969668
650 1 6 _aGeografĂ­a.
_zLa Yaguita (Colombia)
_vMapa
_969669
650 1 6 _a Recursos de la tierra.
_zLa Yaguita (Colombia)
_vMapa
_969670
650 1 6 _aCarreteras.
_zLa Yaguita (Colombia)
_vMapa
_969671
650 1 6 _aHidrografĂ­a.
_zLa Yaguita (Colombia)
_vMapa
_969672
651 _aColombia.
_vMapa.
_969673
942 _2z
_cMapa
999 _c18710
_d18710